Teoría y régimen jurídico de la documentación / José María Desantes Guanter
Descripción Física:
454 p. ; 24 cm
Colección:
Eudema Universidad : Manuales
MARC
| LEADER | 00000nam a2200000Ia 4500 | ||
|---|---|---|---|
| 001 | 9305 | ||
| 008 | 160829s9999 xx 000 0 cat d | ||
| 080 | |a A-1-312 | ||
| 100 | |a Desantes Guanter, José María |9 20161 | ||
| 245 | |a Teoría y régimen jurídico de la documentación / José María Desantes Guanter | ||
| 260 | |a Madrid : |b EUDEMA, DL 1987 | ||
| 300 | |a 454 p. ; |c 24 cm | ||
| 490 | |a Eudema Universidad : Manuales | ||
| 650 | |a Documentació |9 24429 | ||
| 650 | 0 | |a Llibertat d'informació |z Espanya |9 11221 | |
| 901 | |a Arxiu | ||
| 942 | |n 1 | ||
| 952 | |0 0 |1 0 |4 0 |6 A1312 |7 1 |9 41468 |a Arxiu |b Arxiu |d 2016-12-01 |l 0 |o A-1-312 |p 9305 |r 2016-12-01 00:00:00 |w 2016-12-01 |y ARXIU | ||
| 999 | |c 43276 |d 43276 | ||